Представление документа в формате MARC21

ПолеНазваниеЗначение
  Тип записи a
  Библиографический уровень m
001 Контрольный номер RU\infra-m\znanium\bibl\2219184
005 Дата корректировки 20260429142238.9
008 Кодируемые данные 260122s2026 RU g rus u
020 Индекс ISBN __
a ISBN 978-5-91768-849-7
020 Индекс ISBN __
a ISBN 978-5-16-105802-2 (электр. издание)
020 Индекс ISBN __
a ISBN 978-5-16-013029-3 (ISBN соиздателя)
040 Источник каталогиз. __
a Служба первич. каталог. Общество с ограниченной ответственностью «ЗНАНИУМ»
041 Код языка издания __
a Код языка текста rus
044 Код страны публикации __
a Код страны публикации RU
080 Индекс УДК __
a Индекс УДК 947(075.8)
084 Индекс другой классификации/Индекс ББК __
2 Источник индекса rubbk
a Индекс другой классификации/Индекс ББК 63.3(2)6я73
084 Индекс другой классификации/Индекс ББК __
2 Источник индекса okso
a Индекс другой классификации/Индекс ББК 00.03.04
084 Индекс другой классификации/Индекс ББК __
2 Источник индекса okso
a Индекс другой классификации/Индекс ББК 00.05.04
084 Индекс другой классификации/Индекс ББК __
2 Источник индекса okso
a Индекс другой классификации/Индекс ББК 46.03.01
100 Автор __
a Автор Мунчаев Ш. М.
q Полное имя Мунчаев Шамиль Магомедович
u Дополнение Российский экономический университет им. Г.В. Плеханова
245 Заглавие __
a Заглавие История Советского государства: становление, развитие, падение
b Продолж. заглавия Учебник
c Ответственность Российский экономический университет им. Г.В. Плеханова
250 Сведения об издании __
a Основные сведения об издании 1
260 Выходные данные __
a Место издания Москва
b Издательство ООО "Юридическое издательство Норма"
c Дата издания 2026
300 Физическое описание __
a Объем 304 с.
520 Аннотация __
a Аннотация В учебнике освещаются наиболее важные события советского периода истории России от Октябрьской революции 1917 г. до 2000-х гг. Понимание процессов и закономерностей исторического развития России в ХХ в. помогает осмыслить поразному интерпретируемые события новейшей истории Российского государства. Для студентов аспирантов и преподавателей вузов а также всех кто интересуется отечественной историей.
521 Примеч. о цел. назн. __
a Примеч. о целев. назн. ВО - Бакалавриат
650 Тематические рубрики __
a Основная рубрика История. Исторические науки
x Основная подрубрика История Советского Союза
655 Указ. предметных рубрик (устаревшее) __
a Жанр/ форма (устаревшее) Учебник
856 Электронный адрес документа 4_
a Имя сервера/домена znanium.ru
m Помощь ebs_support@infra-m.ru
n Местонахождение сервера НИЦ ИНФРА-М
u URL https://znanium.ru/catalog/document?id=476888
856 Электронный адрес документа 48
a Имя сервера/домена znanium.ru
d Путь /cover/2219
f Электронное имя 2219184.jpg
q Тип электронного формата image/jpeg
u URL https://znanium.ru/cover/2219/2219184.jpg
911 __
u 0030=https://znanium.ru/catalog/document?id=476888